[Event "2011 Lethbridge Open"]
[Site "Lethbridge"]
[Date "2011.04.02"]
[Round "1.1"]
[White "Davies, Jack"]
[Black "Pechenkin, Vladimir"]
[Result "1/2-1/2"]
[WhiteElo "1642"]
[BlackElo "2391"]
[PlyCount "102"]
[EventDate "2011.04.02"]
[EventType "swiss"]
[EventRounds "5"]
[EventCountry "CAN"]

1. e4 Nf6 2. e5 Nd5 3. d4 d6 4. c4 Nb6 5. exd6 exd6 6. Nc3 Nc6 7. Be3 Be7 8.
Bd3 O-O 9. Nge2 Nb4 10. O-O Nxd3 11. Qxd3 Bg4 12. Ng3 d5 13. b3 dxc4 14. bxc4
c6 15. d5 cxd5 16. Bxb6 axb6 17. cxd5 Ra3 18. Rac1 Bf6 19. Nge4 Bf5 20. Nxf6+
Qxf6 21. Qd2 h6 22. Rfe1 Rfa8 23. d6 Kh7 24. Qf4 R8a5 25. Qb4 Qg6 26. Re3 Be6
27. Rce1 Rg5 28. Rg3 Rxg3 29. hxg3 Ra8 30. Qxb6 Qf6 31. Qxb7 Qxc3 32. Rxe6 fxe6
33. Qxa8 Qa1+ 34. Kh2 Qe5 35. Qd8 Qh5+ 36. Qh4 Qd5 37. a4 Qxd6 38. Qe4+ Kh8 39.
f4 Qd1 40. Qxe6 Qxa4 41. f5 Qg4 42. Qe8+ Kh7 43. Qf7 Qg5 44. Kh3 h5 45. Kh2 Kh8
46. Qg6 Qxg6 47. fxg6 Kg8 48. Kh3 Kf8 49. g4 hxg4+ 50. Kxg4 Ke7 51. Kf5 Kd6
1/2-1/2

[Event "2011 Lethbridge Open"]
[Site "Lethbridge"]
[Date "2011.04.02"]
[Round "1.2"]
[White "Hughey, Micah"]
[Black "Viminitz, Paul"]
[Result "1-0"]
[WhiteElo "2199"]
[BlackElo "1604"]
[PlyCount "47"]
[EventDate "2011.04.02"]
[EventType "swiss"]
[EventRounds "5"]
[EventCountry "CAN"]

1. e4 d6 2. d4 Nf6 3. Nc3 g6 4. Bc4 c6 5. Qe2 Bg7 6. e5 dxe5 7. dxe5 Nd5 8. Bd2
e6 9. Nf3 O-O 10. O-O b5 11. Bd3 Bb7 12. Ne4 Qc7 13. Nd6 Nd7 14. Nxb7 Qxb7 15.
Rfe1 Qc7 16. c4 bxc4 17. Bxc4 N5b6 18. Bd3 Nc5 19. Bc2 Rfd8 20. Rac1 Rd7 21.
Bxg6 fxg6 22. Rxc5 Na4 23. Rc2 Rad8 24. Qc4 1-0

[Event "2011 Lethbridge Open"]
[Site "Lethbridge"]
[Date "2011.04.02"]
[Round "1.3"]
[White "Stone, Stephen"]
[Black "Perron, Sean"]
[Result "0-1"]
[WhiteElo "1644"]
[BlackElo "2143"]
[PlyCount "48"]
[EventDate "2011.04.02"]
[EventType "swiss"]
[EventRounds "5"]
[EventCountry "CAN"]

1. c4 Nf6 2. d4 g6 3. Nf3 Bg7 4. Nc3 d5 5. cxd5 Nxd5 6. e4 Nxc3 7. bxc3 O-O 8.
Be2 c5 9. O-O Nc6 10. Bb2 Bg4 11. e5 Qc7 12. Qd2 Rad8 13. Rfd1 Bxf3 14. Bxf3
Bxe5 15. Bxc6 Bxh2+ 16. Kh1 Bf4 17. Qe2 Qxc6 18. Qxe7 cxd4 19. cxd4 Qb5 20. Qh4
g5 21. Qg4 Qxb2 22. g3 Qxf2 23. Rf1 Qxg3 24. Rxf4 Qxf4 0-1

[Event "2011 Lethbridge Open"]
[Site "Lethbridge"]
[Date "2011.04.02"]
[Round "1.4"]
[White "Rekhson, Vladislav"]
[Black "Viau, Ferni"]
[Result "1-0"]
[WhiteElo "2093"]
[BlackElo "1436"]
[PlyCount "63"]
[EventDate "2011.04.02"]
[EventType "swiss"]
[EventRounds "5"]
[EventCountry "CAN"]

1. e4 e6 2. d4 d5 3. Nc3 Bb4 4. e5 Ne7 5. h4 Bd7 6. Qg4 c5 7. a3 Bxc3+ 8. bxc3
Nbc6 9. Nf3 Qb6 10. Be3 Qa5 11. Bd2 Qb6 12. h5 Qb2 13. Rd1 Qxc2 14. Qxg7 O-O-O
15. dxc5 a6 16. Qf6 Rde8 17. Rh4 Na5 18. Be2 Nb3 19. Nd4 Nxd4 20. cxd4 Qb2 21.
Qxf7 Nf5 22. c6 Bxc6 23. Rf4 Nxd4 24. Rxd4 Qxd4 25. Ba5 Qxe5 26. Rc1 Qd6 27.
Bxa6 Kb8 28. Bxb7 Bxb7 29. Bc7+ Qxc7 30. Qxc7+ Ka8 31. Rb1 Rb8 32. Qa5+ 1-0

[Event "2011 Lethbridge Open"]
[Site "Lethbridge"]
[Date "2011.04.02"]
[Round "1.11"]
[White "Milne, Arthur"]
[Black "Yearwood, Roy"]
[Result "0-1"]
[WhiteElo "1781"]
[BlackElo "2216"]
[PlyCount "100"]
[EventDate "2011.04.02"]
[EventType "swiss"]
[EventRounds "5"]
[EventCountry "CAN"]

1. e4 e5 2. Nc3 Nf6 3. g3 Bc5 4. h3 d5 5. exd5 c6 6. d6 Bf5 7. Bg2 O-O 8. d3
Qxd6 9. Nge2 Na6 10. O-O Rad8 11. Bg5 h6 12. Bxf6 Qxf6 13. Kh2 Rfe8 14. Ne4
Bxe4 15. Bxe4 Nc7 16. Nc3 Ne6 17. Bg2 Bf8 18. a4 Nd4 19. a5 a6 20. Ne4 Qe7 21.
Nd2 Qc7 22. Nf3 Nxf3+ 23. Qxf3 Rd5 24. Rfe1 Rxa5 25. Rxa5 Qxa5 26. c3 Re6 27.
h4 Qb6 28. Re2 Rf6 29. Qe3 Qxe3 30. fxe3 h5 31. Bh3 a5 32. Bc8 b6 33. Kg2 Bd6
34. Rf2 Rxf2+ 35. Kxf2 g6 36. e4 c5 37. Kf3 Be7 38. Bd7 Bf6 39. Bc8 Kg7 40. Bd7
Bd8 41. Bc8 Kf6 42. Bd7 Ke7 43. Bc8 Kd6 44. Ba6 g5 45. hxg5 Bxg5 46. c4 Ke6 47.
Bc8+ Kf6 48. Bd7 Ke7 49. Bf5 a4 50. Ke2 Bc1 0-1

[Event "2011 Lethbridge Open"]
[Site "Lethbridge"]
[Date "2011.04.02"]
[Round "2.1"]
[White "Yearwood, Roy"]
[Black "Rekhson, Vladislav"]
[Result "1-0"]
[WhiteElo "2216"]
[BlackElo "2093"]
[PlyCount "51"]
[EventDate "2011.04.02"]
[EventType "swiss"]
[EventRounds "5"]
[EventCountry "CAN"]

1. c4 Nf6 2. Nc3 e5 3. g3 d5 4. cxd5 Nxd5 5. Bg2 Nb6 6. Nf3 Nc6 7. d3 Be7 8.
O-O O-O 9. a3 a5 10. Be3 Be6 11. Na4 Nd5 12. Bc5 b5 13. Bxe7 Qxe7 14. Rc1 Nd4
15. Nc5 Nxf3+ 16. Bxf3 c6 17. Nxe6 Qxe6 18. Qb3 a4 19. Bxd5 cxd5 20. Qb4 d4 21.
Rc5 Ra6 22. Rxb5 h5 23. Qc5 f6 24. Rc1 Qg4 25. Rb7 Qxe2 26. Qxf8+ 1-0

[Event "2011 Lethbridge Open"]
[Site "Lethbridge"]
[Date "2011.04.02"]
[Round "2.2"]
[White "Bellemare, Mark"]
[Black "Hughey, Micah"]
[Result "1/2-1/2"]
[WhiteElo "1806"]
[BlackElo "2199"]
[PlyCount "54"]
[EventDate "2011.04.02"]
[EventType "swiss"]
[EventRounds "5"]
[EventCountry "CAN"]

1. d4 d5 2. c4 e6 3. Nc3 c5 4. cxd5 exd5 5. Nf3 Nc6 6. g3 Nf6 7. Bg2 Be7 8. O-O
O-O 9. a3 Re8 10. dxc5 Bxc5 11. b4 Bf8 12. Nb5 Qb6 13. Nbd4 a5 14. b5 Nxd4 15.
Nxd4 a4 16. Qd3 Bg4 17. Be3 Bc5 18. Ra2 Bh5 19. Nc2 Bg6 20. Qc3 Bxe3 21. Nxe3
d4 22. Nc4 dxc3 23. Nxb6 Ra5 24. Nc4 Rxb5 25. Nd6 Ree5 26. Nxb5 Rxb5 27. Rc1 c2
1/2-1/2

[Event "2011 Lethbridge Open"]
[Site "Lethbridge"]
[Date "2011.04.02"]
[Round "2.3"]
[White "Perron, Sean"]
[Black "Dunn, Garth"]
[Result "1-0"]
[WhiteElo "2143"]
[BlackElo "1746"]
[PlyCount "45"]
[EventDate "2011.04.02"]
[EventType "swiss"]
[EventRounds "5"]
[EventCountry "CAN"]

1. e4 c5 2. Nf3 d6 3. d4 cxd4 4. Nxd4 Nf6 5. Nc3 a6 6. Bg5 e6 7. Qd2 Be7 8. f3
b5 9. Bd3 Bb7 10. O-O-O Nbd7 11. h4 b4 12. Nce2 a5 13. Kb1 O-O 14. g4 Nc5 15.
Ng3 Qc7 16. Rhg1 Rab8 17. Nh5 d5 18. Bxf6 Bxf6 19. Nxf6+ gxf6 20. Qh6 Qe5 21.
Nf5 Qxb2+ 22. Kxb2 Na4+ 23. Kc1 1-0

[Event "2011 Lethbridge Open"]
[Site "Lethbridge"]
[Date "2011.04.02"]
[Round "2.4"]
[White "Kluytmans, Frank"]
[Black "Holmes, Gregory"]
[Result "1-0"]
[WhiteElo "1721"]
[BlackElo "1691"]
[PlyCount "65"]
[EventDate "2011.04.02"]
[EventType "swiss"]
[EventRounds "5"]
[EventCountry "CAN"]

1. e4 c5 2. Nf3 Nc6 3. Bb5 a6 4. Bxc6 bxc6 5. O-O g6 6. d3 Bg7 7. c3 Nf6 8. Be3
Qb6 9. b4 d6 10. h3 O-O 11. Qd2 a5 12. bxc5 dxc5 13. Na3 Ba6 14. Rfb1 Qa7 15.
Ne1 Rfd8 16. f3 e6 17. Rd1 Qe7 18. Qf2 Nd7 19. Rac1 f5 20. c4 Qd6 21. Nac2 f4
22. Bd2 Bd4 23. Nxd4 cxd4 24. Bxa5 Rdb8 25. Rb1 Bb7 26. Bd2 e5 27. Rb2 Bc8 28.
Rdb1 Rxa2 29. Rxb8 Nxb8 30. Bb4 Rxf2 31. Bxd6 Rxg2+ 32. Kxg2 Nd7 33. Bxe5 1-0

[Event "2011 Lethbridge Open"]
[Site "Lethbridge"]
[Date "2011.04.02"]
[Round "2.5"]
[White "Pechenkin, Vladimir"]
[Black "Scholz, Mike"]
[Result "1-0"]
[WhiteElo "2391"]
[BlackElo "1378"]
[PlyCount "85"]
[EventDate "2011.04.02"]
[EventType "swiss"]
[EventRounds "5"]
[EventCountry "CAN"]

1. c4 e5 2. g3 Nf6 3. Bg2 c6 4. d4 Bb4+ 5. Bd2 Bxd2+ 6. Qxd2 exd4 7. Qxd4 O-O
8. Nc3 Qb6 9. Qxb6 axb6 10. Rd1 Na6 11. Nh3 Nc7 12. Nf4 Ne6 13. O-O Nxf4 14.
gxf4 Ra5 15. Rd4 Rf5 16. e3 Rd8 17. Rfd1 b5 18. cxb5 cxb5 19. Rb4 Rh5 20. Nd5
Nxd5 21. Rxd5 Rxd5 22. Bxd5 d6 23. Rxb5 Rd7 24. Ra5 Rc7 25. Ra8 g6 26. Bxb7
Rxb7 27. Rxc8+ Kg7 28. b3 Rd7 29. Rc4 Kf6 30. Kg2 h5 31. Kf3 d5 32. Ra4 Ke6 33.
b4 Rb7 34. a3 Kd7 35. Ra5 Kc6 36. Kg3 Rb5 37. Rxb5 Kxb5 38. Kh4 f6 39. f5 gxf5
40. Kxh5 f4 41. Kg4 fxe3 42. fxe3 Kc4 43. h4 1-0

[Event "2011 Lethbridge Open"]
[Site "Lethbridge"]
[Date "2011.04.02"]
[Round "3.1"]
[White "Kluytmans, Frank"]
[Black "Yearwood, Roy"]
[Result "0-1"]
[WhiteElo "1721"]
[BlackElo "2216"]
[PlyCount "56"]
[EventDate "2011.04.02"]
[EventType "swiss"]
[EventRounds "5"]
[EventCountry "CAN"]

1. e4 c5 2. Nf3 Nc6 3. Bb5 g6 4. O-O Bg7 5. c3 Qb6 6. Na3 a6 7. Ba4 Qc7 8. Bb3
Nf6 9. Re1 b5 10. e5 Ng8 11. Bxf7+ Kxf7 12. d4 cxd4 13. Ng5+ Ke8 14. cxd4 d5
15. Qf3 e6 16. Be3 h6 17. Nh3 Qf7 18. Qe2 Bd7 19. Rac1 Nge7 20. Rc5 Nf5 21. Nc2
Bf8 22. Rc3 Be7 23. g4 Nh4 24. f4 h5 25. Bf2 hxg4 26. Qxg4 Qf5 27. Qe2 Nb4 28.
Bxh4 Rxh4 0-1

[Event "2011 Lethbridge Open"]
[Site "Lethbridge"]
[Date "2011.04.02"]
[Round "3.2"]
[White "Pechenkin, Vladimir"]
[Black "Perron, Sean"]
[Result "1-0"]
[WhiteElo "2391"]
[BlackElo "2143"]
[PlyCount "111"]
[EventDate "2011.04.02"]
[EventType "swiss"]
[EventRounds "5"]
[EventCountry "CAN"]

1. c4 Nf6 2. g3 g6 3. Bg2 Bg7 4. Nc3 O-O 5. d3 c6 6. e4 d6 7. Nge2 Nfd7 8. O-O
a6 9. Be3 e5 10. Qd2 b5 11. f4 b4 12. Nd1 c5 13. f5 f6 14. h4 Nc6 15. g4 Nd4
16. Ng3 Ra7 17. Nf2 Nb8 18. Nh3 Nbc6 19. Bf3 b3 20. a3 Nc2 21. Rad1 Nxe3 22.
Qxe3 Nd4 23. Rf2 Bd7 24. Rdf1 Qc8 25. Bd1 Rb7 26. Kh2 Kh8 27. Ng1 Bc6 28. N1e2
Kg8 29. Nxd4 cxd4 30. Qd2 Bd7 31. g5 Qd8 32. Kg2 Bc8 33. Bg4 a5 34. Rh1 a4 35.
Kg1 Rbf7 36. Rf3 d5 37. cxd5 Rc7 38. Qh2 Rc1+ 39. Rf1 Qc7 40. Bd1 gxf5 41. Nxf5
Bxf5 42. exf5 e4 43. dxe4 fxg5 44. d6 Qc5 45. hxg5 d3+ 46. Kg2 h6 47. Bxb3+
axb3 48. Rxc1 Qe3 49. Rce1 Qxg5+ 50. Kf3 d2 51. Reg1 Rxf5+ 52. exf5 Qxf5+ 53.
Qf4 Qd3+ 54. Kf2 Qc2 55. Rxg7+ Kxg7 56. Rg1+ 1-0

[Event "2011 Lethbridge Open"]
[Site "Lethbridge"]
[Date "2011.04.02"]
[Round "3.3"]
[White "Bellemare, Mark"]
[Black "Fox, Tom"]
[Result "0-1"]
[WhiteElo "1806"]
[BlackElo "1861"]
[PlyCount "58"]
[EventDate "2011.04.02"]
[EventType "swiss"]
[EventRounds "5"]
[EventCountry "CAN"]

1. e4 e6 2. d4 Nf6 3. Nd2 d5 4. e5 Ne4 5. Nxe4 dxe4 6. Ne2 c5 7. c3 Nc6 8. Be3
cxd4 9. cxd4 Qb6 10. Rb1 Bb4+ 11. Nc3 Qa5 12. Qd2 O-O 13. a3 Bxc3 14. bxc3 Rd8
15. Bg5 Rd7 16. Bb5 Qxa3 17. Bxc6 bxc6 18. Qc2 Ba6 19. Bc1 Qa5 20. Rb4 Bd3 21.
Qa4 Qd5 22. Be3 c5 23. dxc5 Qxe5 24. Rd4 Rxd4 25. cxd4 Qb8 26. h4 Qb1+ 27. Qd1
Rb8 28. Rh3 Qa2 29. Bc1 Rb1 0-1

[Event "2011 Lethbridge Open"]
[Site "Lethbridge"]
[Date "2011.04.02"]
[Round "3.4"]
[White "Davies, Jack"]
[Black "Rekhson, Vladislav"]
[Result "0-1"]
[WhiteElo "1642"]
[BlackElo "2093"]
[PlyCount "86"]
[EventDate "2011.04.02"]
[EventType "swiss"]
[EventRounds "5"]
[EventCountry "CAN"]

1. e4 c5 2. Nf3 a6 3. d4 cxd4 4. Nxd4 Nf6 5. f3 e5 6. Nf5 d5 7. Ng3 d4 8. Bc4
Nc6 9. a3 Bc5 10. c3 Qc7 11. b4 Ba7 12. Ba2 dxc3 13. Nxc3 Nxb4 14. Nb5 Qc5 15.
Nxa7 Nc2+ 16. Ke2 Nxa1 17. Be3 Qc2+ 18. Qxc2 Nxc2 19. Nxc8 Rxc8 20. Nf5 Nd4+
21. Bxd4 Rc2+ 22. Kd3 Rxa2 23. Bc5 b6 24. Be7 Kd7 25. Ke3 Re8 26. Rd1+ Kc7 27.
g4 Rxe7 28. Nxe7 Rxa3+ 29. Rd3 Rxd3+ 30. Kxd3 Kd7 31. Nf5 Ne8 32. h4 g6 33. Ne3
b5 34. Nd5 a5 35. Kc3 Kd6 36. h5 gxh5 37. gxh5 f5 38. h6 fxe4 39. fxe4 Kc5 40.
Kd3 b4 41. Ne7 a4 42. Ng6 a3 43. Nxe5 a2 0-1

[Event "2011 Lethbridge Open"]
[Site "Lethbridge"]
[Date "2011.04.03"]
[Round "4.1"]
[White "Yearwood, Roy"]
[Black "Pechenkin, Vladimir"]
[Result "1/2-1/2"]
[WhiteElo "2216"]
[BlackElo "2391"]
[PlyCount "57"]
[EventDate "2011.04.02"]
[EventType "swiss"]
[EventRounds "5"]
[EventCountry "CAN"]

1. c4 e5 2. Nc3 Nf6 3. g3 d6 4. Bg2 Nbd7 5. e3 Be7 6. Nge2 O-O 7. d4 c6 8. Rb1
Nb6 9. b3 exd4 10. exd4 Bf5 11. Rb2 d5 12. c5 Nbd7 13. h3 h6 14. O-O Re8 15. g4
Bh7 16. Ng3 Nf8 17. Re1 Ne6 18. Rbe2 b6 19. b4 a5 20. Na4 bxc5 21. bxc5 Nd7 22.
Nf5 Bg5 23. f4 Bf6 24. Nd6 Rf8 25. Be3 Bh4 26. f5 Nc7 27. Rf1 Rb8 28. Nc3 Bg3
29. Bf4 1/2-1/2

[Event "2011 Lethbridge Open"]
[Site "Lethbridge"]
[Date "2011.04.03"]
[Round "4.2"]
[White "Fox, Tom"]
[Black "Hughey, Micah"]
[Result "0-1"]
[WhiteElo "1861"]
[BlackElo "2199"]
[PlyCount "100"]
[EventDate "2011.04.02"]
[EventType "swiss"]
[EventRounds "5"]
[EventCountry "CAN"]

1. d4 d5 2. Bg5 h6 3. Bh4 c6 4. c3 Qb6 5. Qc2 Bg4 6. Nd2 Nd7 7. e4 e6 8. e5 c5
9. Be2 Bf5 10. Qb3 c4 11. Qxb6 axb6 12. Ngf3 Ne7 13. O-O Bh7 14. b4 Ra3 15.
Bxc4 g5 16. Bg3 dxc4 17. Nxc4 Rxc3 18. Nd6+ Kd8 19. Nxf7+ Ke8 20. Nxh8 Bg7 21.
Rfc1 Rxc1+ 22. Rxc1 Bxh8 23. Rc7 Kd8 24. Rxb7 Nc8 25. Nd2 Bd3 26. h4 Ba6 27.
Rxd7+ Kxd7 28. hxg5 hxg5 29. Nf3 g4 30. Nd2 Kc6 31. Bf4 Kd5 32. Be3 Ne7 33. f3
Nf5 34. Bf2 g3 35. Be1 Kxd4 36. f4 Ke3 37. a4 Bd3 38. a5 bxa5 39. bxa5 Kxf4 40.
Nb3 Bxe5 41. Bd2+ Kg4 42. Bb4 Bd4+ 43. Kh1 Be3 44. Bc5 Bf2 45. Bb6 Nh4 46. Nd2
e5 47. Bd8 e4 48. a6 e3 49. Nf3 Nxf3 50. a7 Be4 0-1

[Event "2011 Lethbridge Open"]
[Site "Lethbridge"]
[Date "2011.04.03"]
[Round "4.3"]
[White "Milne, Arthur"]
[Black "Perron, Sean"]
[Result "1/2-1/2"]
[WhiteElo "1781"]
[BlackElo "2143"]
[PlyCount "100"]
[EventDate "2011.04.02"]
[EventType "swiss"]
[EventRounds "5"]
[EventCountry "CAN"]

1. e4 e6 2. Nf3 d5 3. Nc3 dxe4 4. Nxe4 Bd7 5. d4 Bc6 6. Bd3 Nd7 7. O-O Be7 8.
Qe2 Ngf6 9. b3 O-O 10. Bb2 b6 11. c4 Bb7 12. Rad1 Qc8 13. Rd2 c5 14. Rfd1 Qc7
15. dxc5 bxc5 16. Bb1 Rfd8 17. Nxf6+ Bxf6 18. Be4 Bxe4 19. Qxe4 Bxb2 20. Rxd7
Qa5 21. Ng5 g6 22. Nxf7 Rxd7 23. Rxd7 Re8 24. g3 Bd4 25. Nh6+ Kh8 26. Kg2 Qd2
27. Qe5+ Bxe5 28. Rxd2 Bd4 29. Nf7+ Kg7 30. Nd6 Ra8 31. Nb5 e5 32. f3 a6 33.
Nc7 Ra7 34. Nd5 a5 35. Kf1 a4 36. b4 cxb4 37. Nxb4 Rf7 38. Rd3 Rb7 39. Nc6 Rb1+
40. Kg2 Rb2+ 41. Kh3 Bg1 42. Kg4 Rxa2 43. Nxe5 Bc5 44. Rd7+ Kf6 45. Nd3 h5+ 46.
Kf4 Bf8 47. Ra7 a3 48. Ra6+ Kg7 49. c5 Rc2 50. Rxa3 Bxc5 1/2-1/2

[Event "2011 Lethbridge Open"]
[Site "Lethbridge"]
[Date "2011.04.03"]
[Round "4.4"]
[White "Rekhson, Vladislav"]
[Black "Dunn, Garth"]
[Result "1-0"]
[WhiteElo "2093"]
[BlackElo "1746"]
[PlyCount "87"]
[EventDate "2011.04.02"]
[EventType "swiss"]
[EventRounds "5"]
[EventCountry "CAN"]

1. e4 d6 2. d4 a6 3. Be3 Nd7 4. f4 Ngf6 5. Nc3 g6 6. e5 Nh5 7. Nf3 b5 8. f5 Bb7
9. e6 fxe6 10. fxg6 Ng7 11. Ng5 hxg6 12. Bd3 Nf6 13. Bxg6+ Kd7 14. Nf7 Qb8 15.
Nxh8 Nf5 16. Bxf5 exf5 17. O-O Ng4 18. Bg5 e6 19. d5 Qa7+ 20. Kh1 Nf2+ 21. Rxf2
Qxf2 22. Ng6 b4 23. Nxf8+ Rxf8 24. Qe2 Qxe2 25. Nxe2 Bxd5 26. a3 Be4 27. c3
bxc3 28. Nxc3 Bc6 29. b4 f4 30. Kg1 d5 31. Rd1 f3 32. g3 Rf5 33. h4 Re5 34. Kf2
Rf5 35. Be3 Bb7 36. g4 Rf7 37. h5 c6 38. g5 e5 39. h6 d4 40. g6 Rf5 41. g7 Ke7
42. g8=Q dxe3+ 43. Kxe3 f2 44. Qg7+ 1-0

[Event "2011 Lethbridge Open"]
[Site "Lethbridge"]
[Date "2011.04.03"]
[Round "4.6"]
[White "Davies, Jack"]
[Black "Bellemare, Mark"]
[Result "0-1"]
[WhiteElo "1642"]
[BlackElo "1806"]
[PlyCount "72"]
[EventDate "2011.04.02"]
[EventType "swiss"]
[EventRounds "5"]
[EventCountry "CAN"]

1. e4 e5 2. Nf3 Nc6 3. Bb5 Nf6 4. O-O Nxe4 5. Re1 Nd6 6. Bxc6 dxc6 7. Nxe5 Be7
8. Nc3 O-O 9. d4 Re8 10. Bf4 f6 11. Nf3 Bf8 12. Rxe8 Qxe8 13. d5 Bg4 14. h3 Bh5
15. g4 Bf7 16. Qd4 cxd5 17. Re1 Qc6 18. Rd1 Nb5 19. Nxb5 Qxb5 20. Bxc7 Bc5 21.
a4 Bxd4 22. axb5 Bxb2 23. Rb1 Bc3 24. b6 a6 25. Rb3 d4 26. Ra3 Be8 27. Nh4 g6
28. f4 Bc6 29. Kf2 Re8 30. Nf3 Bb5 31. Rxc3 Re2+ 32. Kg3 dxc3 33. Nd4 Rd2 34.
Ne6 Rxc2 35. Nd8 Rd2 36. Nxb7 c2 0-1

[Event "2011 Lethbridge Open"]
[Site "Lethbridge"]
[Date "2011.04.03"]
[Round "5.1"]
[White "Hughey, Micah"]
[Black "Yearwood, Roy"]
[Result "1/2-1/2"]
[WhiteElo "2199"]
[BlackElo "2216"]
[PlyCount "80"]
[EventDate "2011.04.02"]
[EventType "swiss"]
[EventRounds "5"]
[EventCountry "CAN"]

1. e4 e5 2. Nf3 Nc6 3. Bc4 Nf6 4. Ng5 d5 5. exd5 Nd4 6. c3 b5 7. Bf1 h6 8. Nxf7
Kxf7 9. cxd4 exd4 10. Bxb5 Qxd5 11. Qb3 Be6 12. Qxd5 Nxd5 13. a3 c6 14. Bc4 Re8
15. O-O Nf4 16. d3 Ne2+ 17. Kh1 Bxc4 18. dxc4 Nxc1 19. Rxc1 Re2 20. b4 g5 21.
Rd1 Bg7 22. Nd2 Rhe8 23. f3 d3 24. Rab1 Bc3 25. Ne4 R8xe4 26. fxe4 d2 27. h3
Re1+ 28. Kh2 Be5+ 29. g3 Re2+ 30. Kg1 Bxg3 31. Rf1+ Ke6 32. a4 Be5 33. b5 Kd6
34. a5 Kc5 35. a6 Bd4+ 36. Kh1 cxb5 37. cxb5 Kb6 38. Rb4 Re1 39. Rb1 Re2 40.
Rb4 Re1 1/2-1/2

[Event "2011 Lethbridge Open"]
[Site "Lethbridge"]
[Date "2011.04.03"]
[Round "5.2"]
[White "Pechenkin, Vladimir"]
[Black "Rekhson, Vladislav"]
[Result "1-0"]
[WhiteElo "2391"]
[BlackElo "2093"]
[PlyCount "69"]
[EventDate "2011.04.02"]
[EventType "swiss"]
[EventRounds "5"]
[EventCountry "CAN"]

1. c4 Nf6 2. g3 g6 3. Bg2 Bg7 4. Nc3 O-O 5. d3 d6 6. e4 Nc6 7. Nge2 e5 8. O-O
a5 9. h3 Ne8 10. Nd5 Be6 11. Be3 Ne7 12. d4 c6 13. Nxe7+ Qxe7 14. Rc1 f5 15.
exf5 Bxf5 16. Qd2 exd4 17. Nxd4 Bd7 18. Rfe1 Qf6 19. b3 h6 20. Ne2 g5 21. Nc3
Bf5 22. Bb6 Bg6 23. Na4 Qf5 24. Re7 c5 25. Qd5+ Kh8 26. Qxf5 Bxf5 27. Bxb7 Rb8
28. Bg2 Bd4 29. Bxa5 Bd3 30. Bc3 Bxc3 31. Nxc3 Bg6 32. Be4 Bxe4 33. Nxe4 Rb6
34. Rd1 Ra6 35. Rd2 1-0

[Event "2011 Lethbridge Open"]
[Site "Lethbridge"]
[Date "2011.04.03"]
[Round "5.3"]
[White "Perron, Sean"]
[Black "Kluytmans, Frank"]
[Result "1-0"]
[WhiteElo "2143"]
[BlackElo "1721"]
[PlyCount "45"]
[EventDate "2011.04.02"]
[EventType "swiss"]
[EventRounds "5"]
[EventCountry "CAN"]

1. e4 e6 2. d4 d5 3. Nd2 Nf6 4. e5 Nfd7 5. c3 c5 6. Bd3 Nc6 7. Ne2 cxd4 8. cxd4
Qb6 9. Nf3 f6 10. exf6 gxf6 11. O-O Bd6 12. Nc3 a6 13. Re1 Ne7 14. Na4 Qd8 15.
Rxe6 Ne5 16. Rxe7+ Qxe7 17. dxe5 fxe5 18. Be2 d4 19. Bg5 Qg7 20. Bh4 Be6 21.
Ng5 Bf5 22. Bh5+ Bg6 23. Nb6 1-0